Responses for show #7552 - Tuesday, June 13, 2017

Contestants

Dylan Watton, a communications coordinator from Rockaway Beach, New York

Stan Jastrzebski, a broadcast journalist from Lafayette, Indiana

Tucker Dunn, an ESL teacher from Tucson, Arizona (whose 2-day cash winnings total $27,600)

Jeopardy! Round responses

THE NATIONAL WOMEN'S HALL OF FAME
BIG TEN SCHOOLS
"J" WORDS
JOBS TAKEN BY AUTOMATONS
AROUND THE WORLD
A BEATLES SONG & MOVIE TITLE
    $200 7
New York

Stan
    $200 2
(Alex: Yes, Minneapolis-St. Paul.)

the University of Minnesota

Stan
    $200 12
a jab

Tucker
    $200 25
(Stan: What is... administering a pill?)
...
(Alex: Less than a minute now.)

pharmacist

Stan
Triple Stumper
    $200 21
the Sahara

Dylan
    $200 1
Sgt. Pepper's Lonely Hearts Club Band

Stan
    $400 8
Earhart

Stan
    $400 3
Rutgers

Tucker
    $400 14
a jerk

Stan
    $400 26
sportswriting

Stan
    $400 22
British Columbia

Tucker
    $400 13
"Yellow Submarine"

Stan
    $600 9
Betty Ford

Dylan
    $600 4
Northwestern University

Stan
    $600 15
(Dylan: What is Juarez?)

jalopy

StanDylan
    $600 27
sheep herding

Dylan
    $600 23
Rhone

Stan
    $600 18
"Help!"

Tucker
    $800 10
Mary Baker Eddy

Triple Stumper
    $800 5
Purdue

Tucker
    $800 16
jicama

Triple Stumper
    $800 24
Bangkok

Triple Stumper
    $800 19
"A Hard Day's Night"

Tucker
    $1000 11
Marian Anderson

Stan
    $1000 6
Indiana

Dylan
    $1,000 17
(Alex: Stan?)
(Stan: What's a jet?)
(Alex: No. The problem for the car tire is a puncture. You change the "P" to a "J" and it is [*].)

juncture

Stan
    $1000 29
(Dylan: What's a bellhop?)

the concierge

Dylan
Triple Stumper
    $1000 28
Kiev

Triple Stumper
    $1000 20
Can't Buy Me Love

Tucker

Scores at the first commercial break (after clue 15):

Tucker Stan Dylan
$1,400 $4,000 $1,000

Scores at the end of the Jeopardy! Round:

Tucker Stan Dylan
$4,200 $3,800 $800

Double Jeopardy! Round responses

SAILING STORIES
LAST WORD IN THE ACRONYM, PLEASE
WORKING BLUE
OTHER GREEK LETTER MALES?
(Alex: Each response will be a Greek letter, or a homophone of a Greek letter.)
THE THRILL OF VICTORY
THE AGONY OF DA FEET
    $400 24
Lord Jim

Stan
    $400 1
Protestants

Tucker
    $400 9
the Cookie Monster

Dylan
    $400 6
beta (male)

Stan
    $400 17
(Dylan: What is Dresden?)
(Stan: What is Stalingrad?)

Berlin

StanDylan
Triple Stumper
    $400 19
athlete's foot

Stan
    $800 2
once

Dylan
    $800 10
the Genie

Dylan
    $800 7
(Tucker: What is "Newman"?)

"Hello, Newman"

TuckerDylan
    $2,400 8
Alexander the Great

Dylan
    $1200 27
Unbroken

Dylan
    $1200 3
tomorrow

Tucker
    $1200 11
(Stan: Who is Hope?)

Dory

Stan
Triple Stumper
    $1200 14
Roman

Triple Stumper
    $1200 18
Long Island

Triple Stumper
    $1200 28
[The end-of-round signal sounds.]

a spur

Stan
    $1600 26
Wouk

Stan
    $1600 4
defense

Stan
    $1600 12
Mystique

Dylan
    $1600 15
the Omega Man

Tucker
    $1600 20
Alexander Nevsky

Triple Stumper
    $4,600 22
(Alex: Stan?)
(Stan: What is lupus?)

gout

Stan
    $2000 25
the Dawn Treader

Stan
    $2000 5
tactics

Tucker
    $2000 13
Arrested Development

Tucker
    $2000 16
the pieman

Tucker
    $2000 21
the Battle of Tours

Triple Stumper
    $2000 23
(Dylan: What is a bunion?)
...
(Alex: Less than a minute now.)

a ganglion

Dylan
Triple Stumper

Scores at the end of the Double Jeopardy! Round:

Tucker Stan Dylan
$12,600 $5,200 $6,400

[wagering suggestions for these scores]

Final Jeopardy! Round responses

16th CENTURY NAMES
(Alex: [To Tucker] The important word in the clue was "predicted". We're talking about [*]. Lot of people didn't know he was a doctor.)
(Tucker: I didn't know he was French.)
StanWho was Pasteur
$0
DylanWho is Descartes
$6,400
TuckerWho was Pasteur
$201
Nostradamus

Final scores:

Tucker Stan Dylan
$12,399 $5,200 $0
3-day champion: $39,999 2nd place: $2,000 3rd place: $1,000

Game dynamics:

Coryat scores:

Tucker Stan Dylan
$12,600 $10,800 $4,800
13 R,
1 W
18 R,
5 W
(including 2 DDs)
11 R
(including 1 DD),
4 W

Combined Coryat: $28,200

The J! Archive is created by fans, for fans. The Jeopardy! game show and all elements thereof, including but not limited to copyright and trademark thereto, are the property of Jeopardy Productions, Inc. and are protected under law. This website is not affiliated with, sponsored by, or operated by Jeopardy Productions, Inc. Join the discussion at JBoard.tv.